01130nam a2200253 a 4500001000900000005001700009008004100026020001500067040001800082050002300100100002400123245014700147260005900294300003900353500008600392504003100478610008000509650002700589650005200616650005500668650004700723650007900770700002700849BRCA_15720190320202914.0010118s2001 caua---##b---#001-0#eng-# a0826324274 aDLCcDLCdDLC 4aF1219.3b.F54 20011 aFields, Virginia M.10aThe Road to AztlanbArt from a Mythic HomelandcVirginia Fields, Victor Zamudio-Taylor ; with contributions by Michèle Beltran ... [et al.]. aLos ÁngelesbLos Angeles County Museum of Artcc2001 a424 p.bil. a color, mapasc25 cm. aCatálogo de la exposición realizada en Los Angeles County Museum of Art, 2001 aBibliografía: p. 400-41224aLos Angeles County Museum of ArtvExposicioneszCalifornia (Estados Unidos)14aAztlánvExposiciones14aIndígenas de MéxicovExposicionesxComercio14aIndígenas de MéxicovExposicionesxMigración14aIndígenas de MéxicovFuentesxHistoria14aIndígenas de América del NortevExposicionesxComerciozNuevo Sudoeste1 aZamudio-Taylor, Victor